[Event "Tarragona-ch Seniors"]
[Site "Cambrils"]
[Date "2020.02.27"]
[Round "6.14"]
[White "Sanz Ortiz, Joaquim"]
[Black "Reyes Brito, Miguel"]
[Result "0-1"]
[WhiteElo "1373"]
[BlackElo "1535"]
[PlyCount "104"]
[EventDate "2020.01.23"]
[EventType "swiss"]
[EventRounds "8"]
[EventCountry "ESP"]
[SourceTitle "EXT 2024"]
[Source "ChessBase"]
[SourceDate "2023.10.10"]
[SourceVersion "1"]
[SourceVersionDate "2023.10.10"]
[SourceQuality "1"]

1. d4 e6 2. Bf4 Nf6 3. e3 d5 4. Nd2 Nc6 5. c3 Be7 6. Bd3 a6 7. Ngf3 Nh5 8. Bg3 Nxg3 9. hxg3 Bf6 10. Qc2 h6 11. 0-0-0 Bd7 12. e4 dxe4 13. Nxe4 Qe7 14. Nc5 b6 15. Nxa6 Bc8 16. Qa4 0-0 17. Bb5 Nb8 18. Ne5 Bxe5 19. dxe5 Bxa6 20. Bc6 Bb7 21. Qg4 Qg5+ 22. Qxg5 hxg5 23. Bxb7 Rxa2 24. Rh2 Ra1+ 25. Kc2 Rxd1 26. Kxd1 Nd7 27. f4 g6 28. Rh1 Nc5 29. Bc6 Rd8+ 30. Kc2 Kf8 31. b4 Nd7 32. Rd1 Ke7 33. Bxd7 Rxd7 34. Rxd7+ Kxd7 35. fxg5 Kc6 36. Kd3 Kd5 37. Ke3 Kxe5 38. g4 b5 39. g3 c6 40. Kd3 Kd5 41. Ke3 Kc4 42. Ke4 Kxc3 43. Ke5 Kxb4 44. Kf6 c5 45. Kxf7 c4 46. Kxg6 c3 47. Kh7 c2 48. g6 c1Q 49. g7 Qc2+ 50. Kh8 Qh2+ 51. Kg8 Qxg3 52. Kf7 Qxg4 0-1